[Event "Olympiad Women 2024"]
[Site "Budapest HUN"]
[Date "2024.09.14"]
[Round "4.65"]
[Board "3"]
[White "Ben Amor, Meriem"]
[Black "Elshalom Essayas Berhane"]
[Result "0-1"]
[WhiteElo "1733"]
[BlackElo "1659"]
[PlyCount "114"]
[EventDate "2024.09.11"]
[WhiteTeam "Tunisia"]
[BlackTeam "Eritrea"]
[WhiteTeamCountry "TUN"]
[BlackTeamCountry "ERI"]

1. e4 c5 2. Nf3 Nc6 3. d4 cxd4 4. Nxd4 d6 5. Nc3 g6 6. Be3 Bg7 7. Qd2 Nf6 8. f3 Bd7 9. Bc4 O-O 10. Bb3 Rc8 11. O-O-O Ne5 12. Kb1 a6 13. h4 b5 ({RR} 13... h5 14. Bh6 Nc4 15. Bxc4 Rxc4 16. Bxg7 Kxg7 17. Rhe1 Re8 18. Nde2 Qa5 19. Nf4 Rec8 20. Ncd5 Qxd2 21. Rxd2 Nxd5 22. Nxd5 Re8 23. Nb6 Rc7 24. e5 Be6 25. exd6 Rc6 26. Na4 exd6 27. b3 Rec8 28. Nb2 {½-½ Anand,V (2798)-Carlsen,M (2775) Mainz Classic rap Prelim rapid 2008 (1)}) 14. Qe1 $146 ({RR} 14. g4 b4 15. Nce2 a5 16. g5 Nh5 17. f4 a4 18. Bd5 Nc6 19. Nxc6 Bxc6 20. Bxc6 Rxc6 21. Qxb4 Qc7 22. Qd2 a3 23. b3 Rc8 24. c4 Rxc4 25. bxc4 Rb8+ 26. Kc1 Bb2+ 27. Kc2 Qxc4+ 28. Nc3 Bxc3 {0-1 Volaninova,S (1568)-Kubosova,J (1710) CZE-ch U16 Girls 2015 (2)}) ({RR} 14. h5 Qc7 15. hxg6 hxg6 16. Bh6 Bh8 17. Bxf8 Rxf8 18. Nd5 Nxd5 19. Qh6 Nc3+ 20. Ka1 {1-0 Olarte,R-Santagada,H (1775) IRT Cerrado Magistral 2023 (3.1)}) ({RR} 14. h5 Nc4 15. Bxc4 bxc4 16. hxg6 fxg6 17. Bh6 Rf7 18. Bxg7 Rxg7 19. Qh6 Rb8 20. Na4 Qa5 21. Nc3 Qb4 22. Kc1 Qxb2+ 23. Kd2 Qa3 24. Rb1 Rc8 25. Qg5 Qc5 26. Qxc5 Rxc5 27. Rb8+ Kf7 28. a4 Rg8 {½-½ Lieber,C (1290)-Toker,D (1536) GER-ch U10 Willingen 2007 (10)}) ({RR} 14. h5 Nc4 15. Bxc4 Rxc4 16. hxg6 fxg6 17. Nde2 Be6 18. Bh6 Qa5 19. Bxg7 Kxg7 20. Qh6+ Kf7 21. Nf4 Rfc8 22. Nxe6 Kxe6 23. Ne2 Kf7 24. Nd4 Qb4 25. Qd2 Qxd2 26. Rxd2 g5 27. Nf5 g4 28. a3 gxf3 {½-½ Boyer Censore,G (2068)-Jimenez Rodriguez,A (1766) Porlamar FVA Zona Oriental 2nd 2016 (4.3)}) 14... Nc4 15. Bg5 h6 16. Bc1 b4 17. Nd5 Nxd5 18. exd5 a5 19. Bxc4 Rxc4 20. Be3 h5 21. Qe2 Rc7 22. g4 hxg4 23. fxg4 Qc8 24. Rhg1 a4 25. h5 b3 26. cxb3 Bxd4 27. Bxd4 axb3 28. a3 e5 29. dxe6 Bxe6 30. hxg6 fxg6 31. Qh2 Rh7 32. Qxd6 Rd8 33. Qf4 Qc2+ 34. Ka1 Ra8 35. Qd6 Qc4 36. Rc1 Rd7 37. Qxd7 Qxc1+ 38. Rxc1 Bxd7 39. Rg1 Rc8 40. Kb1 Rc4 41. Bc3 Bxg4 42. Kc1 Kf7 43. Kd2 Bf5 44. Ke3 Rxc3+ 45. bxc3 b2 46. a4 b1=Q 47. Rxb1 Bxb1 48. a5 Bf5 49. a6 Bc8 50. a7 Bb7 51. c4 g5 52. c5 Ke6 53. Kf2 Kf5 54. Kg3 Bc6 55. Kf2 Kf4 56. Kf1 Kg3 57. Kg1 g4 0-1

[Event "Olympiad Women 2024"]
[Site "Budapest HUN"]
[Date "2024.09.14"]
[Round "4.66"]
[Board "1"]
[White "Andhin, Chethanah"]
[Black "Wilson, Hannah"]
[Result "0-1"]
[WhiteElo "1607"]
[BlackElo "1888"]
[PlyCount "150"]
[EventDate "2024.09.11"]
[WhiteTeam "Mauritius"]
[BlackTeam "Barbados"]
[WhiteTeamCountry "MRI"]
[BlackTeamCountry "BAR"]

1. d4 d5 2. Bf4 Nf6 3. Nf3 c5 4. c3 Nc6 5. e3 Qb6 6. Qc2 g6 7. Nbd2 cxd4 ({RR} 7... Bg7 8. h3 O-O 9. Be2 Bd7 10. O-O Rac8 11. Qb3 c4 12. Qxb6 axb6 13. Rfe1 b5 14. a3 Nh5 15. Bh2 f5 16. Bd1 Nf6 17. Ne5 Nxe5 18. Bxe5 Ne4 19. Nf3 Bf6 20. Bc2 Ra8 21. Bh2 Bc6 22. Ne5 {0-1 Tabatabaei,M (2694)-Idani,P (2615) Titled Tue 14th Nov Early 2023 (5)}) 8. exd4 Bg7 9. Bd3 ({RR} 9. Be2 O-O 10. O-O Nh5 11. Be3 Qc7 12. Rfe1 Bg4 13. Qb3 Nf6 14. h3 Bxf3 15. Nxf3 e6 16. Rad1 Nd7 17. Qc2 Na5 18. Qc1 Nc4 19. Bh6 b5 20. Bxg7 Kxg7 21. b3 Nd6 22. Qf4 Rfc8 23. Rc1 a6 {½-½ Melamed,D (1988)-Soo,K (2058) ch-AUS 2024 Adelaide AUS (3.10)}) 9... O-O 10. h3 $146 ({RR} 10. O-O Bd7 11. Rfe1 Rac8 12. Qb1 Rfe8 13. h3 Nd8 14. Ne5 Bb5 15. Bc2 Ne6 16. Bh2 Nh5 17. a4 Bc6 18. a5 Qd8 19. a6 b5 20. Bd3 b4 21. Nxc6 Rxc6 22. Bb5 Rb6 23. Bxe8 bxc3 24. Bxf7+ Kxf7 {1-0 Nolly,C-Liew,K (1838) Penang op 4th 2012 (9)}) 10... Re8 11. O-O Bd7 12. Rfe1 Rac8 13. Qb3 Na5 14. Qa3 Bf8 15. b4 Nc4 16. Qb3 Bb5 17. Bc2 Nh5 18. Bh2 Bh6 19. Nf1 Nf4 20. a4 Bd7 21. Ne5 Be6 22. Nxc4 dxc4 23. Qb1 Qc6 24. Be4 Bd5 25. Bxd5 Qxd5 26. Qe4 Qxe4 27. Rxe4 Nd5 28. Ra3 Bc1 29. Ra1 Bb2 30. Rae1 Bxc3 31. Rb1 Nf6 32. Rf4 g5 33. Rf3 Bxd4 34. Rc1 c3 35. Rd3 Red8 36. Ne3 e5 37. Nf5 Kf8 38. Nxd4 exd4 39. Be5 Nd5 40. Rxd4 f6 41. Bg3 c2 42. Rd2 Nxb4 43. Bd6+ Rxd6 44. Rxd6 Na2 45. Rxc2 Rxc2 46. Rxf6+ Kg7 47. Rd6 Rc7 48. Kh2 Nc3 49. Rd4 b5 50. axb5 Kf6 51. b6 axb6 52. Rd6+ Kg7 53. Rxb6 Nd1 54. Kg1 Rc2 55. Rb7+ Kg6 56. Rb6+ Kf5 57. Rb5+ Kf4 58. Rb4+ Kf5 59. Rb5+ Kf6 60. Rb6+ Ke7 61. Rb7+ Ke6 62. Rb6+ Kd5 63. Rb7 Nxf2 64. Rxh7 Ne4 65. Rh8 Ke5 66. Re8+ Kf4 67. Rf8+ Kg3 68. Rf3+ Kh4 69. Kh2 Rf2 70. Re3 Nd2 71. Kg1 Rf1+ 72. Kh2 Rd1 73. Re8 Nf1+ 74. Kg1 Ng3+ 75. Kf2 Rf1+ 0-1

[Event "Olympiad Women 2024"]
[Site "Budapest HUN"]
[Date "2024.09.14"]
[Round "4.66"]
[Board "3"]
[White "Beekhy, Aamirah"]
[Black "Reifer-Belle, Chanon"]
[Result "0-1"]
[WhiteElo "1600"]
[BlackElo "1736"]
[PlyCount "80"]
[EventDate "2024.09.11"]
[WhiteTeam "Mauritius"]
[BlackTeam "Barbados"]
[WhiteTeamCountry "MRI"]
[BlackTeamCountry "BAR"]

1. d4 d5 2. Bf4 Nf6 3. e3 c5 4. c3 Nc6 5. Nd2 Bf5 6. Ngf3 Qb6 7. Qb3 c4 8. Qxb6 axb6 9. Nh4 Bg6 ({RR} 9... Bc2 10. Rc1 Bd3 11. Bxd3 cxd3 12. a3 Na5 13. Nhf3 Nc4 14. Nxc4 dxc4 15. Nd2 b5 16. e4 e6 17. f3 Nd7 18. Rb1 Nb6 19. Kf2 Na4 20. Rhc1 Kd7 21. Nf1 Be7 22. b3 Nb2 23. Rxb2 Bxa3 24. Rcb1 {1-0 Rakesh,K (2289)-Aradhya,G (2395) 29th Abu Dhabi Masters 2023 (4.58)}) 10. Nxg6 ({RR} 10. a3 e6 11. h3 b5 12. Rc1 Kd7 13. Be2 Bd6 14. O-O Bxf4 15. exf4 Ne8 16. g3 Nd6 17. Rfe1 f6 18. Nxg6 hxg6 19. h4 Ne7 20. Kg2 Nef5 21. Bd1 Rae8 22. Bc2 Ke7 23. Nf3 Kf7 24. Re2 Re7 {1-0 Jumabayev,R (2654)-Arjun,K (2477) PNWCC Online blitz JP 10th 2020 (2)}) 10... hxg6 11. Bc7 $146 ({RR} 11. e4 e6 12. g3 b5 13. Bg2 b4 14. O-O O-O-O 15. Rfc1 b5 16. a4 bxc3 17. bxc3 b4 18. cxb4 Nxd4 19. Bf1 Kb7 20. exd5 exd5 21. Nxc4 dxc4 22. Rxc4 Ne4 23. Kg2 f5 24. Rd1 Ne6 25. Rxd8 Nxd8 {1-0 Khlichkova,T (2241)-Surovtseva,A (1623) Satka Autumn op 2017 (8)}) ({RR} 11. h3 e6 12. e4 Be7 13. Be2 b5 14. Bf3 b4 15. O-O O-O 16. Bg5 Rfd8 17. Rfe1 b5 18. e5 bxc3 19. bxc3 Nd7 20. Bxe7 Nxe7 21. a3 Rdb8 22. Reb1 Nf5 23. Bg4 {½-½ Aubury,B (1697)-Yu,L (1506) BCF-ch U12 Hull 2018 (7)}) ({RR} 11. a3 b5 12. O-O-O e6 13. Be2 Be7 14. h3 Kd7 15. Bf3 Rhc8 16. Kc2 b4 17. axb4 Bxb4 18. Ra1 Be7 19. e4 b5 20. Be5 dxe4 21. Nxe4 Nd5 22. Bxg7 b4 23. Nc5+ Bxc5 24. Bxd5 exd5 25. Rxa8 Rxa8 {0-1 Yunusov,M (1888)-Agmanov,Z (2403) Central Asia-ch U20 2019 (1)}) 11... b5 12. Be2 e6 13. Bf4 b4 14. e4 bxc3 15. bxc3 Ra3 16. e5 Nd7 17. Nb1 Ra5 18. O-O b5 19. Nd2 Nb6 20. Rfc1 Kd7 21. Bd1 Ba3 22. Rc2 Rha8 23. Nb1 Be7 24. Bc1 b4 25. cxb4 Nxb4 26. Rb2 Rxa2 27. Raxa2 Rxa2 28. Rxa2 Nxa2 29. Bd2 Nb4 30. Nc3 Kc6 31. f4 Nd3 32. Bc2 Nb4 33. Bd1 Kd7 34. Be1 Nc6 35. Kf2 Nxd4 36. Ke3 Nf5+ 37. Kf3 Bb4 38. Kf2 Kc6 39. Bc2 Bc5+ 40. Kf3 Nd4+ 0-1

[Event "Olympiad Women 2024"]
[Site "Budapest HUN"]
[Date "2024.09.14"]
[Round "4.67"]
[Board "4"]
[White "Nosimilo, Mkhonto"]
[Black "Karanja, Ether"]
[Result "0-1"]
[WhiteElo "1561"]
[BlackElo "1637"]
[PlyCount "130"]
[EventDate "2024.09.11"]
[WhiteTeam "Eswatini"]
[BlackTeam "Kenya"]
[BlackTeamCountry "KEN"]

1. e4 e6 2. Nf3 d5 3. exd5 exd5 4. d4 Nf6 5. Bd3 Be7 6. c3 ({RR} 6. Bf4 Bg4 7. Nbd2 O-O 8. h3 Bh5 9. O-O Bd6 10. Bxd6 Qxd6 11. c3 b6 12. Qc2 Bxf3 13. Nxf3 c5 14. dxc5 bxc5 15. Rad1 Nbd7 16. Rfe1 Rab8 17. Bf5 Nb6 18. c4 g6 {½-½ Petrisor,A (2372)-Szabo,G (2559) Arad op 10th 2017 (3)}) 6... Nbd7 $146 ({RR} 6... Bg4 7. Nbd2 O-O 8. O-O c5 9. h3 Bh5 10. Qc2 cxd4 11. Nxd4 Re8 12. N2f3 Nc6 13. Be3 Nxd4 14. Nxd4 a6 15. Rae1 Qc7 16. Bg5 Kh8 17. Re3 h6 18. Bh4 Bd8 19. Rfe1 Rxe3 20. Rxe3 Be7 21. g4 {½-½ Bilus Gagic,A (1984)-Simovic,M (1861) Split op 3rd 2009 (9)}) ({RR} 6... Bg4 7. Qc2 a6 8. Be3 Bxf3 9. gxf3 h6 10. Nd2 Nbd7 11. O-O-O b5 12. Kb1 c5 13. dxc5 Nxc5 14. Rde1 Nxd3 15. Qxd3 Qc7 16. Qe2 Kf8 17. Rhg1 Re8 18. Qf1 Nh5 19. Qh3 Nf4 20. Qg4 Ng6 21. f4 {1-0 Chocala,T (1241)-Romano,F (1341) Buenos Aires Masters 2023 (5.30)}) ({RR} 6... Bg4 7. Be3 Nbd7 8. Nbd2 c5 9. dxc5 Nxc5 10. Be2 O-O 11. O-O Re8 12. h3 Bf5 13. Nd4 Bg6 14. N2f3 a6 15. Ne5 Nfe4 16. Nxg6 hxg6 17. Nb3 Rc8 18. Nxc5 Bxc5 19. Bxc5 Nxc5 20. Bf3 Ne4 {½-½ Pinheiro,T-Frade Rodriguez,J POR-ch U18 Aveiro 2003 (3)}) ({RR} 6... h6 7. Be3 Nc6 8. h3 a6 9. Nbd2 Bd7 10. Qc2 Bd6 11. O-O-O b5 12. Nb3 Be6 13. Nc5 Bxc5 14. dxc5 Nd7 15. Bf5 Qf6 16. Bxe6 fxe6 17. Nd4 Ne7 18. Nb3 Nf5 19. Rhe1 Nxe3 20. Rxe3 O-O 21. Rf3 {½-½ Jackson,R-Matthews,S Kingston New Year op 2000 (1.6)}) 7. Nbd2 b6 8. Nf1 Bb7 9. Ng3 c5 10. O-O O-O 11. Nf5 Ne4 12. Nxe7+ Qxe7 13. Re1 Qd6 14. Ng5 Ndf6 15. f3 Nxg5 16. Bxg5 cxd4 17. cxd4 Rfe8 18. Qd2 h6 19. Bf4 Qd7 20. Be5 Nh7 21. Qc2 Ng5 22. Bf5 Ne6 23. Qf2 Qe7 24. Bxe6 fxe6 25. Qg3 Rac8 26. Rac1 Ba6 27. Bf4 Qf6 28. Be5 Qf7 29. a3 Bd3 30. Rc3 Rxc3 31. bxc3 Rc8 32. Rc1 Qg6 33. Qxg6 Bxg6 34. Kf2 Kf7 35. Ke3 Rc4 36. Kd2 a6 37. Ra1 b5 38. Bc7 Rxc7 39. h4 h5 40. g4 Kf6 41. Re1 hxg4 42. fxg4 Be4 43. Rf1+ Ke7 44. g5 Rc8 45. h5 Rf8 46. Rxf8 Kxf8 47. Ke3 Kf7 48. Kf4 Bf5 49. Ke5 Ke7 50. Kf4 Bc2 51. h6 gxh6 52. gxh6 Kf6 53. Kg4 Kg6 54. Kf4 Kxh6 55. Ke5 Bf5 56. Kd6 Kg5 57. Kc5 Kf4 58. Kb4 Ke3 59. Ka5 Kd3 60. Kxa6 Kxc3 61. Kxb5 Kxd4 62. a4 Bd3+ 63. Kb4 e5 64. a5 e4 65. a6 Bxa6 0-1

[Event "Olympiad Women 2024"]
[Site "Budapest HUN"]
[Date "2024.09.14"]
[Round "4.69"]
[Board "1"]
[White "Callender, Jessica"]
[Black "Strade, Arita"]
[Result "0-1"]
[WhiteElo "1579"]
[BlackElo "1946"]
[PlyCount "54"]
[EventDate "2024.09.11"]
[WhiteTeam "Guyana"]
[BlackTeam "Guernsey"]
[WhiteTeamCountry "GUY"]

1. Nf3 Nf6 2. g3 b5 3. Bg2 Bb7 4. O-O g6 5. d3 Bg7 6. e4 d6 7. Be3 $146 ({RR} 7. a4 b4 8. Nbd2 O-O 9. Nc4 Nbd7 10. Na5 Rb8 11. Nxb7 Rxb7 12. e5 dxe5 13. Nxe5 Rb6 14. Nc6 Rxc6 15. Bxc6 Ne5 16. Bg2 a5 17. d4 Nc4 18. Qd3 Nb6 19. Be3 Nfd5 20. Qb5 Qd6 21. Qxa5 Nxe3 {1-0 Frota Junior,G-Chaves,M Fortaleza op 1994 (5)}) ({RR} 7. Nc3 b4 8. Ne2 O-O 9. h3 a5 10. g4 c5 11. Ng3 Nc6 12. Rb1 Nd7 13. Be3 a4 14. a3 bxa3 15. bxa3 Ba6 16. Qd2 c4 17. Rfd1 cxd3 18. cxd3 Nce5 19. Nxe5 Nxe5 20. Qe2 Rb8 21. Rxb8 Qxb8 {0-1 Gukesh,D (2725)-Carlsen,M (2859) chess.com SpeedChess 2022 (1.21)}) ({RR} 7. Re1 O-O 8. Nbd2 c5 9. a4 b4 10. Nc4 Nfd7 11. h4 Nc6 12. h5 Ba6 13. h6 Bh8 14. Rb1 Rc8 15. Bg5 Bxc4 16. dxc4 Nd4 17. Be3 Nxf3+ 18. Bxf3 Ne5 19. Be2 Qd7 20. b3 Rcd8 21. Kg2 Nc6 {0-1 Sjugirov,S (2661)-Andreikin,D (2729) Titled Tue 4th Jun Late 2024 (9)}) ({RR} 7. Nbd2 O-O 8. Nh4 e5 9. c3 d5 10. a4 a6 11. Nb3 dxe4 12. Nc5 Bc6 13. axb5 axb5 14. Rxa8 Bxa8 15. dxe4 Nbd7 16. Be3 Qe7 17. Nxd7 Qxd7 18. Qxd7 Nxd7 19. Ra1 Nf6 {½-½ Gregorova,Z (2194)-Vyparina,M (2314) SVK-chT2C 0607 2006 (4.5)}) ({RR} 7. Nc3 b4 8. Ne2 c5 9. a3 a5 10. axb4 axb4 11. Rxa8 Bxa8 12. h3 c4 13. Nd2 cxd3 14. cxd3 O-O 15. f4 Nbd7 16. Kh2 Nc5 17. Nb3 Nfd7 18. Qc2 Nxb3 19. Qxb3 Nc5 20. Qc4 Bb7 21. Qxb4 Ba6 {½-½ Doluhanova,E (2208)-Vozovic,O (2355) Kharkov op 2007 (8)}) 7... O-O 8. Nbd2 Nbd7 9. h3 c5 10. Nh2 d5 11. Nb3 Qc7 12. Bf4 e5 13. Bg5 dxe4 14. dxe4 Bxe4 15. Qe2 Bxg2 16. Kxg2 Qc6+ 17. Kg1 e4 18. Rfe1 Rfe8 19. Rad1 a5 20. Ng4 Nxg4 21. Qxg4 Ne5 22. Qf4 Nf3+ 23. Kf1 Nxe1 24. Rxe1 e3 25. Kg1 f6 26. Bh6 g5 27. Bxg5 fxg5 0-1

[Event "Olympiad Women 2024"]
[Site "Budapest HUN"]
[Date "2024.09.14"]
[Round "4.69"]
[Board "2"]
[White "Nevska, Gerda"]
[Black "Shariff, Sasha Christina"]
[Result "1-0"]
[WhiteElo "1892"]
[BlackElo "1538"]
[PlyCount "47"]
[EventDate "2024.09.11"]
[WhiteTeam "Guernsey"]
[BlackTeam "Guyana"]
[BlackTeamCountry "GUY"]

1. c4 e5 2. Nc3 Nf6 3. e4 Bb4 4. d3 O-O 5. f4 ({RR} 5. Nf3 d6 6. h3 Nc6 7. Be2 Be6 8. O-O Nd7 9. Nd5 Bc5 10. Rb1 a5 11. a3 a4 12. Nc3 Nb6 13. Kh1 Nd4 14. Nxd4 Bxd4 15. Nb5 Bc5 16. f4 f5 17. Bf3 c6 18. Nc3 Qd7 19. Qe2 Rae8 {0-1 Ynojosa Aponte,F (2393)-Bluebaum,M (2651) Titled Tuesday intern op1 3rd March   blitz 2020 (3)}) ({RR} 5. Nf3 Re8 6. Be2 c6 7. O-O h6 8. a3 Bxc3 9. bxc3 d5 10. cxd5 cxd5 11. exd5 Nxd5 12. Bb2 Nf4 13. Re1 Nxe2+ 14. Qxe2 Nc6 15. h3 Bf5 16. Rad1 Qb6 17. Rb1 Rad8 18. Red1 e4 19. dxe4 Rxe4 {0-1 Sylvan,J (2325)-Kistrup,N (2319) Danish Blitz 2023 (9.1)}) 5... Bxc3+ $146 ({RR} 5... d5 6. cxd5 c6 7. fxe5 Ng4 8. Nf3 cxd5 9. exd5 Qxd5 10. d4 Nc6 11. Be2 Rd8 12. O-O Bxc3 13. bxc3 Ngxe5 14. Qa4 Qe4 15. Nxe5 Nxe5 16. Bg5 Bd7 17. Bb5 Bxb5 18. Qxb5 Rd5 19. Qb3 Nd3 20. Qxb7 {1-0 Santasiere,A-Seidman,H New York-ch Santasiere-Seidman 1946 (2)}) ({RR} 5... exf4 6. Bxf4 h6 7. Qb3 Nc6 8. O-O-O a5 9. Nf3 d6 10. h3 Bd7 11. g4 a4 12. Qc2 Nh7 13. Be2 a3 14. b3 Be6 15. d4 Ba5 16. Rhg1 Nb4 17. Qb1 f6 18. h4 Na6 19. Bd2 Bf7 20. Rg3 {0-1 Jahr,P-Dolinski,P POL-chT4 Kujawsko Pomorskie 0708 2007 (3.29)}) ({RR} 5... exf4 6. Bxf4 d6 7. Be2 Nc6 8. Nf3 Nh5 9. Be3 f5 10. O-O Bxc3 11. bxc3 fxe4 12. dxe4 Nf4 13. Bxf4 Rxf4 14. Qd2 Qf6 15. Nd4 Rxf1+ 16. Rxf1 Qe5 17. Nf5 Bxf5 18. Rxf5 Qxe4 19. Bd3 Qh4 20. g3 {0-1 Fleury,M-Traub,I US Open-96 Concord 1995 (9)}) 6. bxc3 exf4 7. Bxf4 d6 8. Nf3 Nc6 9. Be2 Bg4 10. Bg5 Bxf3 11. Bxf3 Ne5 12. O-O Qe7 13. Rb1 Rab8 14. Be2 Ned7 15. Bg4 Qe5 16. Rf5 Qxc3 17. Bh3 Rfe8 18. Qe2 Re5 19. Rbf1 Rxf5 20. Rxf5 Re8 21. Rf1 Re5 22. Bc1 Nc5 23. Rd1 d5 24. Bb2 1-0

[Event "Olympiad Women 2024"]
[Site "Budapest HUN"]
[Date "2024.09.14"]
[Round "4.70"]
[Board "4"]
[White "Yaqoob, Wafa"]
[Black "Tjong Tjin Joe, Maylee"]
[Result "0-1"]
[WhiteElo "1438"]
[BlackElo "1665"]
[PlyCount "76"]
[EventDate "2024.09.11"]
[WhiteTeam "Bahrain"]
[BlackTeam "Suriname"]
[WhiteTeamCountry "BHN"]
[BlackTeamCountry "SUR"]

1. e4 e5 2. Nf3 Nc6 3. Bc4 Bc5 4. c3 Nf6 5. d3 h6 6. Nbd2 O-O 7. O-O ({RR} 7. Nf1 d6 8. Ng3 a6 9. Bb3 Ne7 10. Be3 Ba7 11. Qd2 Ng6 12. Bxh6 Bxf2+ 13. Kf1 Ba7 14. Qg5 d5 15. Rd1 Nh7 16. Qc1 gxh6 17. Qxh6 Qf6 18. Nh5 Qh8 19. Bxd5 Nf4 20. Bb3 Nxh5 21. Qxh5 Qg7 {½-½ Asish Panda (1911)-Caku,K (1859) Titled Tue 16th Jul Early 2024 (2)}) 7... a6 ({RR} 7... a5 8. h3 d6 9. Re1 Re8 10. Nf1 Be6 11. Bxe6 Rxe6 12. d4 exd4 13. cxd4 Bb4 14. d5 Bxe1 15. dxe6 Bb4 16. exf7+ Kxf7 17. a3 Bc5 18. Qb3+ Kf8 19. Qxb7 Qe8 20. Be3 Nxe4 21. Bxc5 Nxc5 22. Qxc7 {0-1 Di Berardino,D (2471)-Sarana,A (2649) Titled Tuesday intern op 26th Jan blitz 2021 (2)}) 8. Bb3 b5 9. h3 d5 $146 ({RR} 9... d6 10. Re1 Re8 11. Nf1 Bb7 12. Ng3 Ne7 13. Nh4 Bc8 14. Qf3 a5 15. Bxh6 a4 16. Bc2 Ng6 17. Nxg6 fxg6 18. Be3 Bxe3 19. Qxe3 Bb7 20. Qg5 Kh7 21. d4 Nh5 22. Qxd8 Raxd8 23. Nxh5 gxh5 24. Rad1 {1-0 Low,E (1397)-Moreno Vazquez,E (1717) Toronto NAYCC U10 2013 (6)}) 10. Re1 Re8 11. Qc2 Ba7 12. Nf1 dxe4 13. dxe4 Na5 14. Ng3 Nxb3 15. Qxb3 c5 16. Nh4 c4 17. Qc2 Nh5 18. Nhf5 Nxg3 19. Nxg3 Qh4 20. Nf5 Bxf5 21. exf5 Rad8 22. Be3 Bxe3 23. Rxe3 e4 24. Rae1 Rd3 25. a4 Qf4 26. axb5 axb5 27. f6 gxf6 28. Qc1 Kh7 29. Qa1 Rd2 30. R3e2 Red8 31. Rxd2 Rxd2 32. Qa7 Kg7 33. Qe3 Qxe3 34. Rxe3 Rxb2 35. Rxe4 Rb1+ 36. Kh2 Rb3 37. Re3 b4 38. Re4 Rxc3 0-1

[Event "Olympiad Women 2024"]
[Site "Budapest HUN"]
[Date "2024.09.14"]
[Round "4.72"]
[Board "1"]
[White "Chen, Chi"]
[Black "Swaminathan, Laia"]
[Result "1-0"]
[WhiteElo "1746"]
[BlackElo "1620"]
[PlyCount "131"]
[EventDate "2024.09.11"]
[WhiteTeam "Chinese Taipei"]
[BlackTeam "Cayman Islands"]
[BlackTeamCountry "CAY"]

1. e4 e5 2. Nf3 Nc6 3. Bc4 Bc5 4. b4 Bxb4 5. c3 Ba5 6. d4 Qe7 7. O-O Bb6 ({RR} 7... Nf6 8. Ba3 d6 9. d5 Nb8 10. Qa4+ Nbd7 11. Qxa5 Nxe4 12. Qxc7 Nb6 13. Bb5+ Bd7 14. Re1 Bxb5 15. Qxe7+ Kxe7 16. Rxe4 f6 17. Nbd2 Rac8 18. Rc1 Rc7 19. Nd4 Bd7 20. f4 Rhc8 21. fxe5 fxe5 22. Rxe5+ {1-0 Zhigalko,S (2572)-Mikhalevski,V (2552) Titled Tuesday intern op 23rd Feb blitz 2021 (7)}) 8. Ng5 $146 ({RR} 8. Bb5 exd4 9. cxd4 Nf6 10. Ba3 Nb4 11. Nc3 c6 12. e5 Ng4 13. h3 h5 14. Ne4 a5 15. Nd6+ Kf8 16. Bc4 Nh6 17. Qd2 Bc7 18. Rab1 Bxd6 19. exd6 Qf6 20. Ne5 b5 21. Bb3 g5 22. d5 Rg8 {1-0 Huddleston,J-Wilson,J (2210) US Open-92 Los Angeles 1991}) ({RR} 8. a4 a6 9. a5 Ba7 10. Qb3 Nh6 11. Bxh6 gxh6 12. dxe5 Rf8 13. Nbd2 Qc5 14. Qa4 Nxe5 15. Nxe5 Qxe5 16. Nf3 Qh5 17. Kh1 Kd8 18. Rad1 f6 19. Rd5 Qe8 20. e5 c6 21. Rd6 fxe5 22. Bd3 Rf4 {1-0 Zarkym,A (1721)-Koksa,J (1842) 40th World Junior Girls 2024 (10.33)}) ({RR} 8. Bb5 Nf6 9. Bd3 Qd8 10. Re1 exd4 11. cxd4 Ne7 12. Nc3 O-O 13. e5 Ne8 14. Ne4 d5 15. Nf6+ Kh8 {1-0 Bizhigitov,Z (2011)-Akhmedinov,S (1845) Astana op 2019 (6)}) ({RR} 8. a4 a6 9. a5 Ba7 10. Bg5 Nf6 11. d5 Nd8 12. d6 Qxd6 13. Qxd6 cxd6 14. Bxf6 gxf6 15. Rd1 d5 16. Rxd5 Ke7 17. Nbd2 d6 18. Nh4 Nc6 19. Rb1 Rb8 20. Kf1 Be6 21. Nf5+ Bxf5 22. exf5 Rhc8 {0-1 Kopylov,N-Dubinin,P URS-ch17 Semifinal 1949 (8)}) 8... Nh6 9. Qh5 d6 10. h3 Bd7 11. Nf3 O-O-O 12. d5 Na5 13. Bd3 Ng8 14. Na3 Nf6 15. Qg5 c6 16. c4 Bc5 17. Qd2 b6 18. Bb2 Nb7 19. Nc2 Nh5 20. Nb4 Bxb4 21. Qxb4 Nf4 22. Rfd1 c5 23. Qd2 Qf6 24. Bf1 Qg6 25. Kh2 Qxe4 26. Re1 Qg6 27. Ng1 Na5 28. f3 Nh5 29. Qf2 f5 30. Bd3 Qg5 31. Bc1 f4 32. Ne2 Ng3 33. Nxg3 Qxg3+ 34. Qxg3 fxg3+ 35. Kxg3 Rdf8 36. Bd2 Nb7 37. a4 a5 38. Reb1 Kc7 39. Rb2 Rb8 40. Bc2 Nd8 41. Rab1 Nf7 42. h4 g6 43. Kf2 Bf5 44. g4 Bxc2 45. Rxc2 Rhe8 46. Re1 h5 47. g5 Kd7 48. Rb2 Kc7 49. Ke3 Re7 50. Reb1 Ree8 51. Bc3 Nxg5 52. hxg5 Rf8 53. Kf2 e4 54. Bf6 Rfe8 55. f4 e3+ 56. Kf3 e2 57. Rxe2 Rxe2 58. Kxe2 Re8+ 59. Kf3 Rb8 60. Re1 b5 61. axb5 a4 62. Re7+ Kb6 63. Rd7 Ka5 64. Bc3+ Kb6 65. Rxd6+ Kc7 66. Rxg6 1-0

[Event "Olympiad Women 2024"]
[Site "Budapest HUN"]
[Date "2024.09.14"]
[Round "4.72"]
[Board "3"]
[White "Chen, I-Chen"]
[Black "Patil, Anvita Niranjan"]
[Result "0-1"]
[WhiteElo "1771"]
[BlackElo "1589"]
[PlyCount "94"]
[EventDate "2024.09.11"]
[WhiteTeam "Chinese Taipei"]
[BlackTeam "Cayman Islands"]
[BlackTeamCountry "CAY"]

1. e4 e5 2. Nf3 Nc6 3. d4 exd4 4. Nxd4 Bc5 5. Be3 Bb6 6. Qd2 d6 7. Nc3 Nf6 ({RR} 7... Nge7 8. O-O-O O-O 9. Nxc6 bxc6 10. Be2 Rb8 11. f4 Kh8 12. g4 Ng8 13. h4 Nf6 14. g5 Ng4 15. Bxb6 Rxb6 16. Rdg1 h5 17. gxh6 Nxh6 18. f5 Qf6 19. Rg5 Bd7 20. Rhg1 Rfb8 21. b3 Rg8 22. Rh5 {1-0 Mutschnik,I (2410)-Aronian,L (2648) GER-ch Internet g/5' blitz 2004 (15)}) 8. O-O-O ({RR} 8. f3 O-O 9. O-O-O a5 10. g4 a4 11. g5 Nd7 12. Nd5 Bxd4 13. Bxd4 Nxd4 14. Qxd4 Qxg5+ 15. f4 Qd8 16. Rg1 f6 17. Bc4 Kh8 18. a3 Nc5 19. f5 Re8 20. Rg4 c6 21. Nf4 Nxe4 22. Ng6+ hxg6 {1-0 Zampronha,W (2119)-Subramanian,A (2013) Titled Tue 13th Feb Early 2024 (7)}) 8... Bd7 9. f3 Qe7 10. Nd5 $146 ({RR} 10. Ndb5 Be6 11. Bxb6 axb6 12. Nd5 Bxd5 13. exd5 Ne5 14. Re1 O-O 15. f4 Rxa2 16. Kb1 Ra5 17. fxe5 Rfa8 18. c4 dxe5 19. Bd3 e4 20. Be2 c6 21. dxc6 bxc6 22. Nd4 Qc7 23. Nb3 Re5 24. Rd1 Re6 {1-0 Przybylski,W (2330)-Graf,P (2120) Police Gniota Memorial 27th 2012 (3)}) ({RR} 10. g4 Nxd4 11. Bxd4 h6 12. h4 Bc6 13. Bh3 Bxd4 14. Qxd4 Kf8 15. g5 Nh5 16. Rhg1 hxg5 17. Rxg5 f6 18. Rg4 Qe5 19. Qxe5 fxe5 20. Bf1 Nf6 21. Rg5 Rxh4 22. Bc4 Re8 23. Rdg1 Re7 24. Rg6 Rh8 {0-1 Barash,D (2240)-Pein,M (2410) Israel1 1988}) ({RR} 10. g4 Ne5 11. g5 Bxd4 12. Bxd4 Nh5 13. Be2 Ng6 14. Nd5 Qd8 15. f4 c6 16. Bxh5 cxd5 17. Bxg7 Rg8 18. Bf6 Qb6 19. Rhg1 Rc8 20. f5 Ne5 21. Bxe5 dxe5 22. Qxd5 {1-0 Van Wessel,R (2327)-Lie Kwie,K Ghent op 28th 2005 (1)}) 10... Nxd5 11. exd5 Ne5 12. Re1 O-O 13. h3 h6 14. f4 Ng6 15. Nf5 Qf6 16. g4 Bxe3 17. Nxe3 Qxf4 18. Bg2 Nh4 19. Rhf1 Qg5 20. Be4 Rae8 21. Qd3 f5 22. gxf5 Bxf5 23. Bxf5 Nxf5 24. Kd2 Rxe3 25. Rxe3 Nxe3 26. Rxf8+ Kxf8 27. Qxe3 Qxe3+ 28. Kxe3 Kf7 29. Kf4 Kf6 30. h4 g5+ 31. hxg5+ hxg5+ 32. Kg4 Ke5 33. Kxg5 Kxd5 34. Kf4 c5 35. Ke3 b5 36. Kd3 c4+ 37. Kc3 a5 38. a3 Kc5 39. b4+ axb4+ 40. axb4+ Kd5 41. Kd2 Kd4 42. c3+ Ke4 43. Ke2 d5 44. Kd2 d4 45. cxd4 Kxd4 46. Kc2 c3 47. Kc1 Kc4 0-1